000 00337nam a22001457a 4500
008 230706b ||||| |||| 00| 0 eng d
020 _a9781133734369
041 _aeng
080 _2EDITION 10
_a51
082 _a51AUF
100 _a23
101 _aMATE
245 _aBASIC COLLEGE MATHEMATICS
_cAUFMANN & LOCKWOOD
942 _2udc
_cBK
999 _c60099
_d60099